000 01196nam a2200301 a 4500
003 DO-SdBNP
005 20220530100622.0
007 ta
008 220525e2008 dr a|||grc||| 00| 0dspa d
040 _aDO-SdBNP
_bspa
_cBNPHU
082 4 _222
_bP649m
100 1 _aPineda, Miguel
_d1962
_981682
245 1 0 _aMiguel Pineda:
_bmemorias al margen. /
_cMiguel Pineda; Texto y curaduría, Amable López Meléndez; Coordinador, Marcos A. Campusano; Traductor, Mónica Raful; Fotografía, Virgilio Félix;
260 _aSanto Domingo :
_bAlianza Francesa,
_c2010
300 _a60 p. :
_bil. ;
_c26 cm.
500 _aIncluye datos biográficos del autor, p. 53- 55
500 _aIncluye bibliografía y notas al pié de páginas.
546 _aIncluye traducción al inglés.
590 _aInventariado 2022 / MF
650 4 _aArte dominicano
_vExposiciones
_xCatálogos
_981683
_ySiglo XX
650 4 _aExposicion
_vPintura
_xRepública Dominicana
_981684
700 1 _925471
_aLópez Meléndez, Amable
_etexto.
700 1 _a Campusano, Marcos A.
_ecoord.
_981685
700 1 _dRaful, Mónica,
_etrad.
_981686
700 _981681
_aFélix, Virgilio,
_efotogr.
910 _aMFeliz
942 _2ddc
_cLBS1
999 _c51819
_d51819